000 00723nam a2200289Ia 4500
005 20260324124111.0
008 008 260324s9999 xx 000 0 eng d
020 _a9780429065460
037 _aEBOOK
040 _aCRL
040 _beng
040 _cCRL
041 _2eng
041 _aeng
084 _qCRL
100 _aMihail Nazarov; Do Young Noh
_91172845
245 0 _aNew Generation of Europium- and Terbium-Activated Phosphors
245 0 _bFrom Syntheses to Applications
260 _bTaylor and Francis
260 _c2011
365 _a
365 _b305
856 _uhttp://www.taylorfrancis.com/books/9780429065460
942 _cEBOOK
999 _c1766958
_d1766958